000 00641cam a22002053a 4500
001 35333
003 PGUSA
005 20140828083748.0
008 110219s2011||||xxu|||||s|||||000 | eng d
040 _aPGUSA
_beng
042 _adc
100 1 _aWhitney, Orson F.,
_d1855-1931
245 1 0 _aLife of Heber C. Kimball, an Apostle :
_bThe Father and Founder of the British Mission
_h[electronic resource] /
_cOrson F. Whitney
260 _bProject Gutenberg,
_c2011
506 _aPublic domain in the USA.
516 _aElectronic text
830 0 _aProject Gutenberg
_v35333
856 4 0 _uhttp://www.gutenberg.org/ebooks/35333
942 _cEB
999 _c264588
_d264588